[Event "AUTO-ADV-1543"]
[Site "http://www.queenalice.com/game.php?id=747367"]
[Date "2010.3.17"]
[Round "2"]
[White "Maffu"]
[Black "carlosjvega"]
[Result "0-1"]
[WhiteElo "1723"]
[BlackElo "1518"]

1. e4 e5 2. Nc3 Nc6 3. f4 f5 4. Nf3 exf4 5. e5 Nge7 6. Bc4 Na5 7. Be2 Ng6 8. d4
Bb4 9. Bd2 Bxc3 10. Bxc3 c6 11. Qd2 b6 12. Bxa5 bxa5 13. h4 Ne7 14. Qxf4 O-O 15.
O-O-O Nd5 16. Qg3 Ne3 17. Rd3 Nd5 18. h5 Ba6 19. Rd2 Bxe2 20. Rxe2 h6 21. Nh4 f4
22. Qd3 Nb4 23. Qc4+ Kh7 24. c3 Nd5 25. Qd3+ Kg8 26. Nf5 Qg5 27. Nh4 Qxh5 28.
Qh3 Qxe2 29. Nf5 Rab8 30. Nxh6+ gxh6 0-1

[Event "AUTO-ADV-1543"]
[Site "http://www.queenalice.com/game.php?id=747368"]
[Date "2010.3.17"]
[Round "2"]
[White "carlosjvega"]
[Black "Maffu"]
[Result "1-0"]
[WhiteElo "1492"]
[BlackElo "1749"]

1. e4 d5 2. exd5 Qxd5 3. Nf3 Bg4 4. Be2 Nc6 5. Nc3 Qd6 6. Ne4 Qg6 7. d3 O-O-O 8.
Be3 Nf6 9. a3 Nxe4 10. Nh4 Bxe2 11. Qxe2 Qf6 12. g3 Nd6 13. c3 g6 14. O-O-O Bg7
15. Kc2 Nb5 16. d4 Nd6 17. f4 Qe6 18. Nf3 Na5 19. Nd2 Qf5+ 20. Qd3 Qxd3+ 21.
Kxd3 f6 22. b4 Nac4 23. Nxc4 f5 24. Nxd6+ exd6 25. Rde1 b6 26. d5 Kb7 27. Bd4
Bxd4 28. Kxd4 Rhe8 29. Re6 c5+ 30. dxc6+ Kxc6 31. Rhe1 1-0

[Event "AUTO-ADV-1702"]
[Site "http://www.queenalice.com/game.php?id=751207"]
[Date "2010.3.24"]
[Round "1"]
[White "smcneil"]
[Black "Maffu"]
[Result "1-0"]
[WhiteElo "1789"]
[BlackElo "1769"]

1. e4 d5 2. e5 c5 3. d4 c4 4. Nc3 e6 5. Be2 Bb4 6. Bd2 Nc6 7. Nf3 Nge7 8. O-O b5
9. Nxb5 O-O 10. c3 Ba5 11. Nd6 Ba6 12. b4 Bc7 13. a4 Nb8 14. Ng5 Bxd6 15. exd6
Qxd6 16. Qc2 f5 17. Qc1 Nd7 18. Bf4 e5 19. dxe5 Nxe5 20. Qe3 N7g6 21. Bh5 Qc7
22. Ne6 Qb6 23. Nxf8 Rxf8 24. Bxg6 Nxg6 25. Qg3 Bb7 26. h4 Qc6 27. h5 Nxf4 28.
Qxf4 d4 29. Qg3 f4 30. Qg4 dxc3 31. b5 Qd5 32. h6 g6 33. Rad1 Qc5 34. Qd7 Bc8
35. Qg7# 1-0

[Event "AUTO-ADV-1702"]
[Site "http://www.queenalice.com/game.php?id=751208"]
[Date "2010.3.24"]
[Round "1"]
[White "Maffu"]
[Black "smcneil"]
[Result "1-0"]
[WhiteElo "1717"]
[BlackElo "1813"]

1. d4 b6 2. Bg5 Bb7 3. Nc3 h6 4. Bh4 Nf6 5. Bxf6 exf6 6. e4 Bb4 7. Qf3 O-O 8.
O-O-O d6 9. Nd5 Bxd5 10. exd5 Re8 11. Bd3 Nd7 12. Qf5 g6 13. Qh3 h5 14. c3 c5
15. cxb4 cxb4 16. Nf3 Qc7+ 17. Kb1 a5 18. g4 Kg7 19. gxh5 g5 20. h6+ Kh8 21. Qh5
Nf8 22. Nxg5 fxg5 23. Qxg5 Qe7 24. Qg7# 1-0

[Event "AUTO-ADV-1702"]
[Site "http://www.queenalice.com/game.php?id=751223"]
[Date "2010.3.24"]
[Round "1"]
[White "Maffu"]
[Black "anandya"]
[Result "0-1"]
[WhiteElo "1764"]
[BlackElo "1788"]

1. d4 d5 2. Nc3 c6 3. Bg5 h6 4. Bh4 Qd6 5. Qd3 Be6 6. Nf3 Nd7 7. O-O-O g5 8. Bg3
Qb4 9. e4 Bg7 10. e5 O-O-O 11. Nd2 Nb6 12. f4 f6 13. Be2 Nc4 14. Nxc4 dxc4 15.
Qd2 Bd5 16. Nxd5 Qxd2+ 17. Rxd2 cxd5 18. c3 e6 19. Re1 f5 20. Rf1 Ne7 21. h3 Ng6
22. Bh2 Bf8 23. g3 Be7 24. Kc2 h5 25. Bg1 h4 26. g4 Nxf4 27. gxf5 exf5 28. Bh2
Nxe2 29. Rxe2 f4 30. e6 Rd6 31. Re5 Rf8 32. Rf3 Kd8 33. Bg1 Kc7 34. b3 cxb3+ 35.
axb3 b5 36. Bf2 a5 37. Be1 Rf6 38. Rxg5 Rfxe6 39. Re5 Rxe5 0-1

[Event "AUTO-ADV-1702"]
[Site "http://www.queenalice.com/game.php?id=751224"]
[Date "2010.3.24"]
[Round "1"]
[White "anandya"]
[Black "Maffu"]
[Result "1-0"]
[WhiteElo "1788"]
[BlackElo "1731"]

1. e4 d5 2. e5 c5 3. c3 e6 4. Bb5+ Bd7 5. Qa4 Nc6 6. Bxc6 Bxc6 7. Qc2 Qc7 8. d4
O-O-O 9. Nf3 f6 10. Qe2 g5 11. exf6 g4 12. Ne5 Nxf6 13. Nxg4 Bg7 14. O-O c4 15.
Nxf6 Bxf6 16. Qxe6+ Kb8 17. Qxf6 h5 18. Bf4 1-0

[Event "AUTO-ADV-1702"]
[Site "http://www.queenalice.com/game.php?id=751225"]
[Date "2010.3.24"]
[Round "1"]
[White "Maffu"]
[Black "Stewart_The_Great"]
[Result "0-1"]
[WhiteElo "1655"]
[BlackElo "1648"]

1. d4 e6 2. Nc3 c5 3. Nf3 Nc6 4. e4 Nb4 5. Be2 Nf6 6. Bg5 h6 7. Bh4 g5 8. Bg3 d5
9. exd5 exd5 10. O-O Bf5 11. Ne5 Bxc2 12. Qe1 cxd4 13. Bb5+ Nd7 14. Nxd7+ Be7
15. Nf6+ Kf8 16. Nd7+ Kg8 17. Be5 Nd3 18. Bxd3 Bxd3 19. Bxh8 Bxf1 20. Nxd5 Qxd7
21. Nxe7+ Kh7 22. Bf6 Bd3 23. Qd2 Bf5 24. Rd1 Re8 25. Nxf5 Qxf5 26. Bxd4 Rd8 27.
Qd3 Qxd3 28. Rxd3 f5 29. Kf1 f4 30. Ke2 a5 31. Bb6 Re8+ 32. Kd2 Re6 33. Bxa5 b6
34. Bc3 g4 35. Rd7+ Kg6 36. Rg7+ Kf5 37. Rf7+ Kg6 38. Rb7 f3 39. gxf3 gxf3 40.
a3 Re2+ 41. Kd3 Rxf2 42. Rxb6+ Kg5 43. Bf6+ Kf4 44. h3 Rh2 45. Rb4+ Kf5 46. Bd8
f2 47. Ke2 Ke5 0-1

[Event "AUTO-ADV-1702"]
[Site "http://www.queenalice.com/game.php?id=751226"]
[Date "2010.3.24"]
[Round "1"]
[White "Stewart_The_Great"]
[Black "Maffu"]
[Result "0-1"]
[WhiteElo "1677"]
[BlackElo "1735"]

1. e4 d5 2. d3 dxe4 3. f3 exd3 4. Bxd3 Nf6 5. f4 e6 6. c3 Be7 7. g4 Nxg4 8. Qxg4
Qxd3 9. Qxg7 Bh4+ 10. Qg3 Bxg3+ 11. hxg3 Qxg3+ 12. Kf1 Rg8 13. Ne2 Qg2+ 14. Ke1
Qxh1+ 15. Kd2 Nc6 16. b4 Bd7 17. b5 Ne7 18. c4 O-O-O 19. Ba3 Bxb5+ 20. Kc3 Qe1+
21. Kb3 Bxc4+ 22. Kxc4 Qxe2+ 23. Kb3 Nd5 24. Nc3 Nxc3 25. Kxc3 Rg3+ 0-1

[Event "QA-ANNIV-05"]
[Site "http://www.queenalice.com/game.php?id=758940"]
[Date "2010.4.10"]
[Round "4"]
[White "Maffu"]
[Black "merlin"]
[Result "1-0"]
[WhiteElo "1740"]
[BlackElo "1700"]

1. d4 Nf6 2. Nc3 d6 3. Bg5 g6 4. Bxf6 exf6 5. e4 Bg7 6. f4 f5 7. Nf3 fxe4 8.
Nxe4 Qe7 9. Qe2 Bg4 10. O-O-O Nc6 11. h3 Bxf3 12. Qxf3 Nxd4 13. Rxd4 Bxd4 14.
Bb5+ c6 15. Re1 cxb5 16. Nxd6+ Kf8 17. Rxe7 Bxb2+ 18. Kxb2 Kxe7 19. Nxb5 b6 20.
Nc7 Rad8 21. Qb7 Rd7 22. Qxa7 Rc8 23. Qa3+ Kd8 24. Nb5 Rc5 25. Qa6 Rd2 26. Qxb6+
Ke8 27. Qxc5 1-0

[Event "QA-ANNIV-04"]
[Site "http://www.queenalice.com/game.php?id=762128"]
[Date "2010.4.16"]
[Round "8"]
[White "Maffu"]
[Black "arvo1938"]
[Result "0-1"]
[WhiteElo "1737"]
[BlackElo "2222"]

1. e4 e5 2. Nc3 Nf6 3. f4 d5 4. fxe5 Nxe4 5. Qf3 Nxc3 6. bxc3 Be6 7. d4 c5 8.
Ba3 Qa5 9. Bb2 cxd4 10. Ne2 Nc6 11. g3 Nxe5 12. Qf4 Ng6 13. Qxd4 O-O-O 14. Bg2
Bc5 15. Qxg7 Bg4 16. Qxf7 Rd7 17. Qf6 Rf8 18. Qg5 Bxe2 19. Kxe2 Rf2+ 20. Kd1 Qb5
21. Bf1 Qxb2 0-1

[Event "AUTO-ADV-1766"]
[Site "http://www.queenalice.com/game.php?id=777606"]
[Date "2010.5.19"]
[Round "1"]
[White "Maffu"]
[Black "adilson_camargo"]
[Result "0-1"]
[WhiteElo "1685"]
[BlackElo "1754"]

1. e4 e5 2. Nc3 Nf6 3. f4 exf4 4. Nf3 d6 5. Bc4 Bg4 6. O-O Nbd7 7. d4 g6 8. Bxf4
Bg7 9. Bxf7+ Kxf7 10. e5 dxe5 11. Bxe5 Kg8 12. Qd3 Bf5 13. Qc4+ Kf8 14. Bxc7 Qe7
15. Rae1 Qf7 16. Qb4+ Kg8 17. Qxb7 Re8 18. Rxe8+ Nxe8 19. Bf4 Bxc2 20. Ng5 Bxd4+
21. Kh1 Qf5 22. Nd5 Bc5 0-1

[Event "AUTO-ADV-1766"]
[Site "http://www.queenalice.com/game.php?id=777607"]
[Date "2010.5.19"]
[Round "1"]
[White "adilson_camargo"]
[Black "Maffu"]
[Result "1-0"]
[WhiteElo "1740"]
[BlackElo "1699"]

1. d4 f5 2. c4 Nf6 3. e3 g6 4. Nc3 Bg7 5. Nf3 d6 6. Bd2 a6 7. c5 O-O 8. Qb3+ Kh8
9. cxd6 exd6 10. Bd3 Nbd7 11. O-O b5 12. Rfe1 Bb7 13. Ng5 Ng4 14. Ne6 Qh4 15.
Nf4 Bxg2 16. Nxg2 Qxh2+ 17. Kf1 Qh1+ 18. Ke2 Qxg2 19. Rf1 Rae8 20. Nd5 Bxd4 21.
Bc3 Bxc3 22. Qxc3+ 1-0

[Event "AUTO-ADV-1766"]
[Site "http://www.queenalice.com/game.php?id=777608"]
[Date "2010.5.19"]
[Round "1"]
[White "Maffu"]
[Black "boogaloo"]
[Result "0-1"]
[WhiteElo "1628"]
[BlackElo "1786"]

1. e4 e5 2. Nc3 Nc6 3. f4 Nf6 4. Nf3 d6 5. Bc4 Be6 6. Bxe6 fxe6 7. fxe5 dxe5 8.
O-O Bc5+ 9. Kh1 O-O 10. Ng5 Qd7 11. a3 Ng4 12. h3 Nf2+ 13. Rxf2 Bxf2 0-1

[Event "AUTO-ADV-1766"]
[Site "http://www.queenalice.com/game.php?id=777609"]
[Date "2010.5.19"]
[Round "1"]
[White "boogaloo"]
[Black "Maffu"]
[Result "1-0"]
[WhiteElo "1775"]
[BlackElo "1639"]

1. d4 f5 2. f4 Nf6 3. Nf3 g6 4. e3 Bg7 5. Be2 d6 6. O-O O-O 7. c4 Nbd7 8. Nc3 c5
9. d5 a6 10. Rb1 Rb8 11. b3 b5 12. Rf2 Ne4 13. Nxe4 fxe4 14. Ng5 1-0